Informe de la FETLAE
Gardado en:
| Autor Corporativo: | |
|---|---|
| Formato: | Texto |
| Publicado: |
San José:
CEDAL
|
| Etiquetas: |
Engadir etiqueta
Sen Etiquetas, Sexa o primeiro en etiquetar este rexistro!
|
MARC
| LEADER | 00000 a a2200000 04500 | ||
|---|---|---|---|
| 001 | 18696 | ||
| 003 | |||
| 040 | |a CRAI/IIS |c CRAI/IIS | ||
| 090 | |a 010200 | ||
| 110 | |a Federación de Trabajadores Libres Azucareros del Ecuador | ||
| 245 | |a Informe de la FETLAE | ||
| 260 | |a San José: |b CEDAL | ||
| 300 | |a 6 p. | ||
| 999 | |c 16588 |d 16588 | ||
